01138nam a2200313Ia 450000500170000000800410001702000180005804100080007608200170008410000280010124501480012925000180027730000250029549000470032050000180036753400390038565000680042465000330049265000430052570000410056870000390060994200120064826400260066033600270068633700330071333800280074604000350077499900150080920220317001756.0170328s2007 s g 000 0 s  a9788481648959 aspa04a335.82bW23e1 aWeil, Simoned1909-194310aEscritos históricos y políticoscSimone Weil ; prólogo de Francisco Fernández Buey ; traducción de Agustín López y María Tabuyo a1a. edición a539 páginasc23 cm aEstructuras y procesos : ciencias sociales aIncluye notas tÉcrits historiques et politiques142LEMBaEnsayos, conferencias, etcxHistoriay1933-1945zAlemania142LEMBaTrabajo y trabajadores142LEMBaSindicalismoxHistoria y critica1 aLópez, Agustínetraductor9905591 aTabuyo, Maríaetraductora990560 2ddccBK aMadridbTrottacc2007 atextobtxt2rdacontent asin mediaciónbn2rdamedia avolumenbnc2rdacarrier aCO-BoRNBPbspaerdacCO-BoRNBP c8056d8056